| 000 | 00611nam a22002057a 4500 | ||
|---|---|---|---|
| 999 |
_c3734 _d3734 |
||
| 003 | AR-CdUCM | ||
| 008 | 190307b ||||| |||| 00| 0 spa d | ||
| 040 |
_aMUNICIPALIDAD PROVINCIAL DEL CUSCO _cBIBLIOTECA MUNICIPAL DEL CUSCO |
||
| 082 |
_a869.26 / _bC29 |
||
| 100 |
_aCastro, Ernesto L _912081 |
||
| 245 | _aNuestra débil carne / | ||
| 260 |
_aBuenos Aires : _bEditorial Losada, . _c1968. |
||
| 300 |
_a143 paginas ; _c20 cm. |
||
| 505 | _aContenido :Novela. | ||
| 650 |
_aNovelas argentinas _99625 |
||
| 650 |
_aSiglo XX _98 |
||
| 650 |
_aLiteratura argentina _984 |
||
| 942 |
_2ddc _cLIBROS |
||
| 945 | _arum | ||